000 00793cam a22002653a 4500
001 9701
003 PGUSA
005 20140828083215.0
008 060101s2006||||xxu|||||s|||||000 p eng d
040 _aPGUSA
_beng
042 _adc
050 4 _aPR
245 1 0 _aI. Beowulf :
_ban Anglo-Saxon poem. II. The fight at Finnsburh: a fragment.
_h[electronic resource]
260 _bProject Gutenberg,
_c2006
506 _aPublic domain in the USA.
516 _aElectronic text
653 _aEpic poetry, English (Old)
653 _aDragons -- Poetry
653 _aMonsters -- Poetry
700 1 _aHarrison, James A.
_q(James Albert),
_d1848-1911
700 1 _aSharp, Robert,
_d1851-
830 0 _aProject Gutenberg
_v9701
856 4 0 _uhttp://www.gutenberg.org/ebooks/9701
942 _cEB
999 _c238957
_d238957